000 00344nam a2200145Ia 4500
005 20251222152622.0
008 251222s9999||||xx |||||||||||||| ||spa||
020 _a8427200374
082 _a828.9/C574
100 _aChristie, Agatha
245 0 _aEl Misterio del Tren Azul
250 _a1ra.ed.
264 _bEditorial Molino
942 _cLIB
999 _c27373
_d27373